| 000 | 00645nam a22001937a 4500 | ||
|---|---|---|---|
| 999 |
_c175712 _d175712 |
||
| 005 | 20200923103631.0 | ||
| 010 | _aENG-128448 | ||
| 020 |
_c100.00 _a9789388492454 |
||
| 035 | _aEN-111980 | ||
| 037 | _bDBAD/PUB | ||
| 082 | _a230 | ||
| 100 | _aRao, K. Aravinda | ||
| 245 |
_aHow to Teach Hinduism to your Child?/ _cby Dr. K. Aravinda Rao |
||
| 260 |
_aVijaywada _bEMESCO BOOKS _c2019 |
||
| 270 |
_a33-22-2, Chandram Buildings, C.R.Road, Chuttungunta _bVijaywada _e520004 _k0866-2436643 _memescovja@gmail.com |
||
| 300 |
_a172p. _c21cm(pbk) _bIllustrations |
||
| 700 | _aReddy, D. Chandrasekhar | ||
| 942 |
_2ddc _cEN _h230 _mRAO |
||